000 00306nam a2200145Ia 4500
100 _aVazirani/V.N
490 _v1
942 _cBK
654 _aanalysis
245 _aAnalysis of structures
260 _bKhanna publishers
_aDelhi
_c1985
082 _a624.171
_bVAZ
300 _a701
546 _aENGLISH
999 _c24745
_d24745